[Event "CZE-chT2A 1718"]
[Site "Czech Republic"]
[Date "2017.12.17"]
[Round "5.2"]
[White "Klement, Lukas"]
[Black "Wimmer, Miroslav"]
[Result "0-1"]
[WhiteElo "2262"]
[BlackElo "2162"]
[PlyCount "72"]
[EventDate "2017.10.15"]
[EventType "team-tourn"]
[EventRounds "11"]
[EventCountry "CZE"]
[SourceTitle "EXT 2022"]
[Source "ChessBase"]
[SourceDate "2021.10.06"]
[SourceVersion "1"]
[SourceVersionDate "2021.10.06"]
[SourceQuality "1"]
[WhiteTeam "Podborany"]
[BlackTeam "Sokolov"]
[WhiteTeamCountry "CZE"]
[BlackTeamCountry "CZE"]

1. e4 e6 2. Nc3 d5 3. d3 c5 4. Nf3 Nc6 5. g3 Nf6 6. Qe2 Nd4 7. Nxd4 cxd4 8. Nb1 e5 9. Bg2 dxe4 10. dxe4 Bd6 11. 0-0 0-0 12. c3 Bc5 13. cxd4 Bxd4 14. Nc3 Bg4 15. Qb5 Bxc3 16. bxc3 Qc7 17. Rb1 b6 18. f4 Qxc3 19. fxe5 Qd4+ 20. Kh1 Nxe4 21. Qb2 Rad8 22. Qc2 Nd2 23. Rf4 Qe3 24. Rf1 Qe2 25. Bxd2 Rxd2 26. Qc6 Bh3 27. Rg1 Rfd8 28. a4 h5 29. Rb4 Bxg2+ 30. Qxg2 Qxe5 31. Qf3 Qe2 32. Qg2 Qe3 33. Qe4 Qe2 34. Qg2 Re8 35. Rbb1 Qd3 36. Rb3 Qc2 0-1

[Event "Pardubice op rapid 27th"]
[Site "Pardubice"]
[Date "2016.07.20"]
[Round "1"]
[White "Wimmer, Miroslav"]
[Black "Yagupov, Igor"]
[Result "0-1"]
[WhiteElo "2152"]
[BlackElo "2405"]
[PlyCount "90"]
[EventDate "2016.07.20"]
[EventType "swiss (rapid)"]
[EventRounds "9"]
[EventCountry "CZE"]
[SourceTitle "CBM 173 Extra"]
[Source "ChessBase"]
[SourceDate "2016.08.29"]
[SourceVersion "1"]
[SourceVersionDate "2016.08.29"]
[SourceQuality "1"]

1. c4 c6 2. Nf3 d5 3. g3 Bg4 4. Bg2 e6 5. 0-0 Nd7 6. d3 Ngf6 7. Nc3 Be7 8. Qb3 Nc5 9. Qd1 a5 10. Ne5 Bf5 11. cxd5 exd5 12. Re1 0-0 13. d4 Nce4 14. f3 Nd6 15. e4 Be6 16. b3 Re8 17. Ba3 Nc8 18. Bb2 Nb6 19. Rc1 h6 20. Qd3 a4 21. f4 axb3 22. axb3 dxe4 23. Nxe4 Nxe4 24. Bxe4 Bd5 25. Bh7+ Kh8 26. Nc4 Nd7 27. Re2 Bb4 28. Bf5 Rxe2 29. Qxe2 Nf6 30. Bc3 Bxc3 31. Rxc3 Bxc4 32. Qxc4 Ra1+ 33. Kf2 Nd5 34. Rc2 g6 35. Bd3 Kg7 36. Re2 Qd7 37. f5 gxf5 38. Re5 f4 39. Bf5 fxg3+ 40. hxg3 Qd6 41. Qe2 Nf6 42. Qd2 Qa3 43. Kf3 Qxb3+ 44. Re3 Qd5+ 45. Kf4 Rf1+ 0-1

[Event "CZE-chT2A 1516"]
[Site "Czech Republic"]
[Date "2015.10.18"]
[Round "1.2"]
[White "Wimmer, Miroslav"]
[Black "Kovar, Vojtech"]
[Result "0-1"]
[WhiteElo "2135"]
[BlackElo "2342"]
[PlyCount "86"]
[EventDate "2015.10.18"]
[EventType "team-tourn"]
[EventRounds "11"]
[EventCountry "CZE"]
[SourceTitle "EXT 2022"]
[Source "ChessBase"]
[SourceDate "2021.10.06"]
[SourceVersion "1"]
[SourceVersionDate "2021.10.06"]
[SourceQuality "1"]
[WhiteTeam "Karlovy Vary"]
[BlackTeam "Unichess III"]
[WhiteTeamCountry "CZE"]
[BlackTeamCountry "CZE"]

1. c4 Nf6 2. g3 c6 3. Nf3 d5 4. Bg2 dxc4 5. 0-0 h6 6. Na3 Be6 7. b3 cxb3 8. axb3 g6 9. Bb2 Bg7 10. Qc2 0-0 11. Nd4 Bg4 12. Nc4 Qc7 13. h3 Bd7 14. Nf3 Ne8 15. d4 Nd6 16. e4 Rc8 17. Ne3 Na6 18. e5 Nb5 19. Nh4 Be6 20. Ra4 Qd7 21. Kh2 Nac7 22. f4 Nd5 23. Qd3 Nxe3 24. Qxe3 Bd5 25. f5 Bxg2 26. Kxg2 g5 27. f6 gxh4 28. fxg7 Qd5+ 29. Kh2 hxg3+ 30. Qxg3 c5 31. dxc5 Rxc5 32. Rf2 Rac8 33. Rh4 R8c6 34. Qf4 Rc2 35. e6 Rxf2+ 36. Qxf2 Qxe6 37. Rc4 Rxc4 38. bxc4 Nd6 39. Qd2 b6 40. Qg2 Qe4 41. Qd2 Kh7 42. Bc3 Qf5 43. Qd4 f6 0-1

[Event "Prague Holiday M11"]
[Site "Prague"]
[Date "2013.07.16"]
[Round "4"]
[White "Gregor, Jiri"]
[Black "Wimmer, Miroslav"]
[Result "1-0"]
[WhiteElo "2276"]
[BlackElo "2127"]
[PlyCount "83"]
[EventDate "2013.07.14"]
[EventType "tourn"]
[EventRounds "9"]
[EventCountry "CZE"]
[SourceTitle "EXT 2023"]
[Source "ChessBase"]
[SourceDate "2022.10.05"]
[SourceVersion "1"]
[SourceVersionDate "2022.10.05"]
[SourceQuality "1"]

1. d4 e6 2. c4 Bb4+ 3. Nc3 Nc6 4. e3 e5 5. Nge2 Nf6 6. d5 Nb8 7. a3 Bxc3+ 8. Nxc3 d6 9. e4 a5 10. Rb1 h6 11. Bd3 Nbd7 12. b4 axb4 13. axb4 0-0 14. Be3 b6 15. 0-0 Nh7 16. Qe2 Ndf6 17. f3 Nh5 18. Qd2 g5 19. g3 Ng7 20. g4 Re8 21. Rfc1 Nf8 22. Ne2 Ng6 23. Ng3 Nf4 24. Bf1 Rf8 25. Rc3 Ne8 26. Ne2 Ng6 27. Nc1 Nf6 28. h3 Nf4 29. Nd3 h5 30. Nxf4 gxf4 31. Bf2 Nd7 32. Kh2 hxg4 33. fxg4 Kg7 34. Qc2 Rh8 35. Kg2 Qg5 36. Be2 Nf6 37. Rg1 Kf8 38. c5 Bxg4 39. hxg4 Nxg4 40. Kf1 Ra1+ 41. Bd1 Nh2+ 42. Ke1 1-0

[Event "CZE-chT2A 1213"]
[Site "Czech Republic"]
[Date "2012.11.04"]
[Round "2.6"]
[White "Stastny, Petr"]
[Black "Wimmer, Miroslav"]
[Result "0-1"]
[WhiteElo "2075"]
[BlackElo "2118"]
[PlyCount "72"]
[EventDate "2012.10.14"]
[EventType "team-tourn"]
[EventRounds "11"]
[EventCountry "CZE"]
[SourceTitle "EXT 2015"]
[Source "ChessBase"]
[SourceDate "2014.11.20"]
[SourceVersion "1"]
[SourceVersionDate "2014.11.20"]
[SourceQuality "1"]
[WhiteTeam "Teplice"]
[BlackTeam "Karlovy Vary"]
[WhiteTeamCountry "CZE"]
[BlackTeamCountry "CZE"]

1. d4 d5 2. Nf3 Nf6 3. c4 c6 4. e3 a6 5. Nbd2 b5 6. b3 Bg4 7. Qc2 e6 8. Bd3 Bxf3 9. gxf3 Nbd7 10. Bb2 Qa5 11. Ke2 Bb4 12. cxb5 cxb5 13. a4 bxa4 14. Rxa4 Qb6 15. Rha1 0-0 16. Rxa6 Rxa6 17. Rxa6 Qb8 18. Nf1 Bd6 19. Ba3 Bxa3 20. Rxa3 e5 21. dxe5 Rc8 22. Qb2 Nxe5 23. Qd4 Nxd3 24. Qxd3 h6 25. Ra2 d4 26. Rc2 Rd8 27. Rd2 Nd5 28. Qc4 Nc3+ 29. Ke1 Qa8 30. Rxd4 Rc8 31. Rd8+ Rxd8 32. Qxc3 Rc8 33. Qb2 Qxf3 34. Qd2 Qe4 35. Qb2 Qd3 36. Qa3 Rc2 0-1

[Event "CZE-chT2B 1112"]
[Site "Czech Republic"]
[Date "2012.02.19"]
[Round "8.3"]
[White "Wimmer, Miroslav"]
[Black "Contos, Vaclav"]
[Result "1/2-1/2"]
[WhiteElo "2116"]
[BlackElo "2105"]
[PlyCount "100"]
[EventDate "2011.10.09"]
[EventType "team-tourn"]
[EventRounds "11"]
[EventCountry "CZE"]
[SourceTitle "EXT 2013"]
[Source "ChessBase"]
[SourceDate "2012.11.22"]
[SourceVersion "1"]
[SourceVersionDate "2012.11.22"]
[SourceQuality "1"]
[WhiteTeam "Sokolov"]
[BlackTeam "Karlovy Vary"]
[WhiteTeamCountry "CZE"]
[BlackTeamCountry "CZE"]

1. c4 c6 2. g3 d5 3. Bg2 Nf6 4. Nf3 Bf5 5. b3 Nbd7 6. Bb2 e6 7. 0-0 Be7 8. d3 0-0 9. Nh4 Bg6 10. Nxg6 hxg6 11. Nd2 Qa5 12. cxd5 cxd5 13. e4 Ba3 14. Bxa3 Qxa3 15. exd5 Nxd5 16. Nc4 Qa6 17. Qd2 N7f6 18. Rac1 Rac8 19. Rc2 b5 20. Ne5 Rxc2 21. Qxc2 Rc8 22. Qd2 Qd6 23. d4 Qc7 24. Rd1 Qc2 25. Nd3 Rc3 26. Bf3 a5 27. h4 Qxd2 28. Rxd2 a4 29. bxa4 bxa4 30. Ne5 a3 31. Rd3 Kf8 32. Rxc3 Nxc3 33. Nc4 Nb1 34. Bd1 Nd5 35. Bc2 Nbc3 36. Nxa3 Nxa2 37. Kf1 Nab4 38. Ke2 Ke7 39. Bb3 Kf6 40. Bxd5 Nxd5 41. Nc4 g5 42. hxg5+ Kxg5 43. Ne5 f6 44. Nf7+ Kg4 45. Nd8 Kf5 46. Kf3 Nc7 47. Nc6 Kg6 48. Ke4 Kh5 49. f3 g5 50. Ne7 Nb5 1/2-1/2

[Event "Pardubice KV op"]
[Site "Pardubice"]
[Date "2010.??.??"]
[Round "1"]
[White "Wimmer, Miroslav"]
[Black "Spreer, Lutz"]
[Result "1-0"]
[WhiteElo "2060"]
[BlackElo "1670"]
[PlyCount "47"]
[EventDate "2010.07.??"]
[EventType "swiss"]
[EventRounds "7"]
[EventCountry "CZE"]
[SourceTitle "EXT 2012"]
[Source "ChessBase"]
[SourceDate "2011.11.24"]
[SourceVersion "1"]
[SourceVersionDate "2011.11.24"]
[SourceQuality "1"]

1. Nf3 d5 2. d4 Nf6 3. c4 Nc6 4. Nc3 Bg4 5. Bf4 a6 6. e3 e6 7. Be2 Bb4 8. 0-0 Nh5 9. Ne5 Bxe2 10. Nxe2 Nxf4 11. Nxf4 Nxe5 12. dxe5 dxc4 13. Qa4+ b5 14. Qxb4 Qg5 15. Qc5 Qd8 16. Rfd1 Qc8 17. Qc6+ Ke7 18. Qc5+ Ke8 19. Rd4 f6 20. Rad1 c6 21. Rd6 Kf7 22. Rd7+ Kg8 23. Qe7 Qf8 24. Qxe6+ 1-0

[Event "Karlovy Vary op"]
[Site "Karlovy Vary"]
[Date "2009.04.29"]
[Round "1"]
[White "Wimmer, Miroslav"]
[Black "Stuska, Premysl"]
[Result "1-0"]
[WhiteElo "2049"]
[BlackElo "1636"]
[PlyCount "33"]
[EventDate "2009.04.29"]
[EventType "swiss"]
[EventRounds "7"]
[EventCountry "CZE"]
[SourceTitle "CBM 130 Extra"]
[Source "ChessBase"]
[SourceDate "2009.07.02"]
[SourceVersion "2"]
[SourceVersionDate "2009.07.15"]
[SourceQuality "1"]

1. Nf3 c5 2. c4 Nc6 3. d4 cxd4 4. Nxd4 g6 5. e4 Bg7 6. Be3 d6 7. Nc3 Nf6 8. Be2 0-0 9. 0-0 Bd7 10. Qd2 Ng4 11. Nxc6 bxc6 12. Bg5 Qa5 13. Bxg4 Bxg4 14. Bxe7 Rfe8 15. Bxd6 Bxc3 16. bxc3 Rxe4 17. f3 1-0